[Event "POHÁR města Říčany 2021"]
[Site "Městské kulturní středisko U labutě"]
[Date "2021.08.24"]
[Round "5.32"]
[White "Seidl, Jan"]
[Black "Cabart, Pavel"]
[Result "1-0"]
[WhiteElo "1768"]
[BlackElo "1700"]
[PlyCount "0"]
[EventDate "2021.08.21"]

1. f4 c5 2. Nf3 d5 3. e3 g6 4. b3 Bg7 5. Ne5 Nf6 6. Bb2 O-O 7. Be2 Qc7 8. O-O
Nc6 9. Nxc6 Qxc6 10. d3 Be6 11. Nd2 b5 12. Nf3 c4 13. Bxf6 Bxf6 14. d4 Bf5
15. Qd2 a5 16. a3 Rfc8 17. Rfc1 Qe6 18. Kf2 Be4 19. b4 axb4 20. axb4 c3 21. Qd1
Qb6 22. Ne1 Ra4 23. Rxa4 bxa4 24. Rb1 e6 25. Nd3 Bxd3 26. Qxd3 Be7 27. Qa6 Qxa6
28. Bxa6 Ra8 29. b5 a3 30. Ke2 Bd8 31. Kd3 Ba5 32. Rb3 a2 33. Ra3 Bb4 34. Rxa2
1-0

[Event "POHÁR města Říčany 2021"]
[Site "Městské kulturní středisko U labutě"]
[Date "2021.08.24"]
[Round "5.34"]
[White "Hampel, Rudolf"]
[Black "Kacirek, Pavel"]
[Result "1/2-1/2"]
[WhiteElo "1593"]
[BlackElo "1718"]
[PlyCount "0"]
[EventDate "2021.08.21"]

1. e4 e6 2. d4 d5 3. Nd2 b6 4. g3 Bb7 5. Bg2 c5 6. Ne2 Nc6 7. dxc5 Bxc5 8. exd5
exd5 9. O-O Nf6 10. Nb3 Ne4 11. Nbd4 Nxd4 12. Nxd4 O-O 13. Be3 Qf6 14. c3 Rad8
15. Qc2 Ng5 16. Kh1 Ne6 17. Rad1 Rfe8 18. Qd2 Ba6 19. Rfe1 Nxd4 20. Bxd4 Bxd4
21. cxd4 g6 22. Re3 Rxe3 23. fxe3 Qe6 24. Re1 Rc8 25. Rc1 Rxc1+ 26. Qxc1 Kg7
27. Kg1 Qf5 28. h4 Bb5 29. Qe1 Bd3 30. Qf2 Be4 31. Qxf5 gxf5 32. Bf1 Kf6 33. Kf2
Ke6 34. Be2 Bb1 35. a3 Ba2 36. Kf3 Bc4 37. Bd1 Bd3 38. Kf4 1/2-1/2

[Event "POHÁR města Říčany 2021"]
[Site "Městské kulturní středisko U labutě"]
[Date "2021.08.24"]
[Round "5.35"]
[White "Chon, Jeremy"]
[Black "Martinec, Karel"]
[Result "1/2-1/2"]
[WhiteElo "1454"]
[BlackElo "1730"]
[PlyCount "0"]
[EventDate "2021.08.21"]

1. Nf3 Nf6 2. d4 g6 3. e3 Bg7 4. Bd3 d6 5. b3 c5 6. Bb2 Nc6 7. a3 cxd4 8. exd4
O-O 9. O-O Bg4 10. h3 Bd7 11. Nbd2 d5 12. Ne5 1/2-1/2